000 00492nam a2200181Ia 4500
003 GCL
008 140319s9999 xx 000 0 ara d
040 _aGCL /
_cGCL
082 0 4 _a415.1
_bم ف
100 1 _aمحمود احمد نخلة
245 1 0 _aفى اعراب القران /
_cمحمود احمد نخلة
300 _a215 ص
490 _a100 قصة
_v0
650 0 4 _aالنحو
650 0 4 _aاللغة العربية
650 0 4 _aالقران - اعراب
942 _2ddc
_cBK
999 _c45816
_d45816